000 00683nam a2200253Ia 4500
003 OSt
005 20221005032004.0
006 a|||||r|||| 00| 0
007 ta
008 221004b |||||||| |||| 00| 0 tam d
020 _c03
024 _a64176
037 _cTextual
040 _aCRL
_cCRL
_btam
041 _2tam
_atam
082 _aO31,3N214x, K8
100 _aSomasundharam Ka. Au.
_9584632
245 0 _aAayarpaadi
260 _aChennai
_bThamizh Ezhuthalar Kootturavu Sangam Ltd India
_c1968
300 _a156p.
_ccm.
650 _aTAMIL LITERATURE
942 _hO31,3N214x, K8
_cTEXL
_2cc
999 _c938873
_d938873